02082nam a2200349 i 4500001001000000003000900010005001700019007000300036008004100039020001800080040003000098041000800128082002400136100004100160245015600201250002200357264008800379300004500467336002700512337003300539338002800572490004400600500007700644500009600721504003900817505066800856600007701524651002001601651003101621651003601652700004401688000045385DO-SdBNP20260316110827.0ta150305s2014 dr ac 000 0 spa d a9789945891485 aDO-SdBNPbspacBNPHUerda hspa 4a972.9302bM672g2221 aMira Caballos, Esteban,eautor4aut.13aLa gran armada colonizadora de Nicolás de Ovando :b1501-1502 /cEsteban Mira Caballos ; edición e índice onomástico, Jesús R. Navarro Zerpa. aPrimera edición 1aSanto Domingo, República Dominicana :bAcademia Dominicana de la Historia,c2014. a457 páginas :bilustraciones ;c23 cm. atextobtxt2rdacontent asin mediaciónbn2rdamedia avolumenbnc2rdacarrier0 aAcademia Dominicana de la Historiav121 aIncluye datos biográficos del autor en la solapa de la contracubierta. aIncluye referencias bibliográficas, notas al pie de las páginas e índice onomástico aBibliografía : páginas 407-4192 a$a Apéndice I. Listado de pasajeros y tripulantes identificados -- Apéndice II. Pasajeros muy dudosos o descartados -- Apéndice III. Noticias sobre la armada del gobernador Nicolás de Ovando, tomadas en extracto por Juan Bautista Muñoz -- Apéndice IV. Extracto del libro de armada por Fernando Belmonte y Clemente, 1886 -- Apéndice V. Enseres que se compraron para los Franciscanos , según transcripción de Fray Ángel Ortega -- Apéndice VI. Listado de contratos de trabajadores -- Apéndice VII. Registro de salida de la nao Santa Catalina, Santo Domingo, 20 de septiembre de 1505 -- Apéndice VIII. Arraigo de los pasajeros y tripulantes.10aOvando, Nicolás de,d aproximadamente 1460-1511xViajeszLa Española 0a La Española  7a La Española xHistoria  7aEspaña xColonias zAmérica1 aNavarro Zerpa, Jesús R.,eeditor4ed.